000 00541nam a2200229 a 4500
001 nice12345678
003 IN_TiNIC
005 20260116011426.0
008 050524s1953 laha grp 000 0 urd
020 _a
_c100
082 0 0 _a239
_bBUT1
100 _aButamal, P
245 _aMasih Ki Aamad-E-Sani.
260 _aLahore
_bPunjab Religious Booksociety
_c1953
300 _a36p
500 _aincludes index and biblioraphy
650 _aApologetics
700 1 _aButamal, P
902 _bSRS
942 _cBK
999 _c1414
_d1414